| 000 | 00535nam a22001937a 4500 | ||
|---|---|---|---|
| 003 | KOHA_MİRAKIL | ||
| 005 | 20251127085206.0 | ||
| 008 | 251127b tu ||||| |||| 00| 0 tur d | ||
| 020 | _a9786050838091 | ||
| 040 |
_aTR-AnABB _btur _cTR-AnABB |
||
| 041 | _atur | ||
| 082 |
_a813.42 _bBEK 2021 |
||
| 100 | 1 | _aBekiroğlu, Nazan, | |
| 245 | 1 | 0 |
_aKehribar geçidi / _cNazan Bekiroğlu |
| 260 |
_aİstanbul : _bTimaş Yayınları, _c2021 |
||
| 300 |
_a605 sayfa ; _c21 cm |
||
| 650 | 0 | 4 | _aTürk edebiyatı, roman |
| 942 |
_2ddc _cBK |
||
| 999 |
_c9656 _d9656 |
||
| 900 | _bGizem YORULMAZ | ||